00373nam a2200097Ia 4500008004100000100001900041245010000060260006800160500003500228546001200263220512s9999 xx 000 0 eng d aPathak, Jharna 0aAgroforestry in tribal areas of Gujarat: Move towards sustainable agriculture /cPathak, Jharna aAhmedabad :bGujarat Institute of Development Research,cJun-12 aAhmedabad Working paper No 203 aEnglish